000 00295nam a2200097Ia 4500
082 _a968.4045 RATT
245 0 _aDavid Rattray's guidebook to the Anglo-Zulu War battlefields
100 _a RATTRAY, David Barnsley, 2003
_994984
942 _cBK
008 210817s9999 xx 000 0 und d
999 _c391390
_d391389